[Event "Irish Championship 2020"]
[Site "Dublin"]
[Date "2020.08.02"]
[Round "2.6"]
[White "O'Connell, Gerard"]
[Black "Jackson, Carl"]
[Result "0-1"]
[WhiteElo "2075"]
[BlackElo "2021"]
[Annotator "TA"]
[PlyCount "66"]
[EventDate "2020.08.01"]
[EventType "swiss"]
[EventCountry "IRL"]
[SourceTitle "playchess.com"]
[Source "ChessBase"]
[SourceQuality "1"]

{[%evp 12,65,20,19,60,47,77,22,64,43,59,65,70,71,80,71,71,64,61,56,73,54,68,47,51,35,59,50,51,57,61,6,43,20,36,23,31,16,31,0,24,0,0,0,0,0,0,0,0,-535,-527,-29993,-29994,-29994,-29995,-29999]} 1. d4 e6 2. c4 b6 3. Nf3 Bb7 4. g3 Bb4+ 5. Bd2 Bxf3 6. exf3 Bxd2+ 7. Qxd2 ({Much weaker is} 7. Kxd2 Qf6 $15) 7... Qf6 {A40: Unusual replies to 1 d4.} 8. Bg2 {[#]} c6 $146 ({Predecessor:} 8... Nc6 9. d5 Qe5+ 10. Kf1 exd5 11. cxd5 Na5 12. Na3 O-O-O 13. Rc1 Kb8 14. b4 Nb7 15. Nc4 {1-0 (31) De Roda Husman,J (2209)-Van Assendelft,F (2377) Groningen 2015}) 9. O-O (9. d5 $16) 9... Ne7 {The position is equal.} 10. Nc3 O-O 11. d5 exd5 12. cxd5 Nxd5 13. Nxd5 cxd5 14. f4 Nc6 15. Bxd5 Rac8 16. Rfd1 Ne7 17. Rac1 Rxc1 18. Qxc1 Nxd5 19. Rxd5 $14 {[%mdl 4096] Endgame KQR-KQR} Qe6 20. Qd2 Rd8 21. f5 (21. Qd3 $14) 21... Qc6 (21... Qe4 {is interesting.} 22. b3 h6 23. Rxd7 Rxd7 24. Qxd7 f6) 22. b4 {[%cal Bb2b4,Bb4b5][%mdl 32]} f6 23. b5 Qc7 24. h4 d6 25. Kh2 h6 26. Kh3 Kh7 27. a4 Qc4 28. Rd4 Qf1+ 29. Kg4 Re8 {Strongly threatening ...Re2.} 30. f3 $2 {[%mdl 8192] [#]} (30. Rf4 $1 $11) 30... h5+ $1 $19 {[%mdl 576] Deflection, Decoy} 31. Kxh5 {aiming for Kg4.} Qxf3+ {[%mdl 64] Double Attack. Black mates.} 32. g4 {[#]} Re5 $1 {[%csl Gh7][%cal Rg7g6][%mdl 512]} 33. Qf4 g6# {Accuracy: White = 72%, Black = 81%.} 0-1

[Event "Irish Championship 2020"]
[Site "Dublin"]
[Date "2020.08.02"]
[Round "2.7"]
[White "Collins, Adam"]
[Black "Putar, Leon"]
[Result "1/2-1/2"]
[WhiteElo "1760"]
[BlackElo "1894"]
[Annotator "NA"]
[PlyCount "62"]
[EventDate "2020.08.01"]
[EventType "swiss"]
[EventCountry "IRL"]
[SourceTitle "playchess.com"]
[Source "ChessBase"]
[SourceQuality "1"]
[TimeControl "8100+35"]

{[%evp 8,62,-8,-8,0,-33,0,0,0,0,80,63,81,70,116,78,139,135,145,47,71,32767,64,40,31,32,70,16,32767,-19,33,-88,-76,-76,32767,32767,32767,32767,32767,32767,32767,32767,32767,32767,-75,-114,32767,32767,-91,-89,-74,-83,0,32767,0,-19,-6]} 1. e4 {[%emt 0:00:00]} e6 {[%emt 0:00:00]} 2. b3 {[%emt 0:00:45]} d5 {[%emt 0:01:07]} 3. Bb2 {[%emt 0:00:11]} dxe4 {[%emt 0:06:16]} 4. Nc3 {[%emt 0:00:04]} Nf6 {[%emt 0:00:31]} 5. Qe2 {[%emt 0:00:05]} Be7 {[%emt 0:02:39]} 6. O-O-O {[%emt 0:04:00]} c5 {[%emt 0:03:14] C00: French: Unusual White 2nd moves.} 7. Nxe4 {[%emt 0:04:43]} Nc6 {[%emt 0:02:41]} 8. Nf3 {[%emt 0:05:48]} Nxe4 {[%emt 0:13:15]} (8... Bd7 $11 {keeps the balance.}) 9. Qxe4 {[%emt 0:00:08]} Bf6 {[%emt 0:00:14]} 10. d4 {[%emt 0:08:38] [#]} Qa5 $146 {[%emt 0:08:32]} ({Predecessor:} 10... Qb6 11. d5 Bxb2+ 12. Kxb2 Ne7 13. dxe6 Bxe6 14. Ne5 O-O 15. Nd7 Bxd7 16. Rxd7 Qf6+ {1-0 (27) Singh,G (2293)-Walton,A (2158) Edinburgh 2003}) 11. Kb1 {[%emt 0:06:25]} Nb4 {[%emt 0:11:40]} (11... Bd7 $14) 12. a3 {[%emt 0:05:14]} Nd5 {[%emt 0:02:37]} 13. Qd3 {[%emt 0:12:04]} (13. Ne5 $16) 13... Bd7 {[%emt 0:12:32]} 14. c4 {[%emt 0:16:20]} Nb6 {[%emt 0:05:35]} 15. Ka2 {[%emt 0:27:08]} cxd4 {[%emt 0:09:47]} 16. Bxd4 {[%emt 0:08:50]} Be7 {[%emt 0:20:14]} 17. b4 {[%emt 0:22:24]} Qa4 {[%emt 0:09:12]} 18. Bc5 {[%emt 0:06:18]} Bf6 {[%emt 0:09:14]} (18... Bc6 $15 19. Bxe7 Kxe7) 19. b5 {[%emt 0:04:19]} (19. Rc1 $11) 19... Bxb5 {[%emt 0:07:01]} 20. cxb5 {[%emt 0:04:55]} Rd8 {[%emt 0:00:04]} 21. Nd4 {[%emt 0:01:54]} Rd5 {[%emt 0:01:03]} 22. Bxb6 {[%emt 0:04:17]} axb6 {[%emt 0:00:25]} 23. Qb3 {[%emt 0:00:15]} Qxb3+ {[%emt 0:00:57]} 24. Kxb3 {[%emt 0:00:07]} Rxd4 {[%emt 0:00:13]} 25. Be2 {[%emt 0:00:42]} Ke7 {[%emt 0:01:15]} 26. Bf3 {[%emt 0:02:15]} Rhd8 {[%emt 0:01:04]} 27. Rxd4 {[%emt 0:00:12]} Rxd4 {[%emt 0:00:15]} 28. Rd1 $17 {[%emt 0:00:08]} Kd6 {[%emt 0:01:16]} 29. a4 {[%emt 0:00:52]} Kc5 {[%emt 0:00:48]} (29... Be5 $17 30. g3 g6) 30. Rc1+ {[%emt 0:00:24]} Kd6 {[%emt 0:00:43]} 31. Bxb7 {[%emt 0:01:01]} Kd7 {[%emt 0:18:41]} 1/2-1/2

[Event "Irish Championship 2020"]
[Site "Dublin"]
[Date "2020.08.02"]
[Round "2.8"]
[White "Delaney, Killian"]
[Black "Putar, Lara"]
[Result "1-0"]
[WhiteElo "2314"]
[BlackElo "1834"]
[Annotator "TA"]
[PlyCount "63"]
[EventDate "2020.08.01"]
[EventType "swiss"]
[EventCountry "IRL"]
[SourceTitle "playchess.com"]
[Source "ChessBase"]
[SourceQuality "1"]

{[%evp 15,63,24,21,-12,0,-10,0,-7,0,0,0,-10,2,9,0,0,105,57,49,48,193,184,205,167,202,139,400,378,494,270,228,0,0,-33,0,0,117,45,503,499,952,1014,29989,1533,1522,983,29993,29994,29995,29996]} 1. e4 e6 2. d4 d5 3. Nc3 Bb4 4. e5 c5 5. a3 Bxc3+ 6. bxc3 Qa5 7. Bd2 Qa4 8. Qg4 Kf8 9. h4 {C18: French: 3 Nc3 Bb4: Main line: 7 h4 and 7 Qg4.} Qxc2 10. Nf3 Ne7 {[#]} 11. Rc1 $146 {The position is equal.} ({Predecessor:} 11. dxc5 Nd7 12. Rc1 Qe4+ 13. Qxe4 dxe4 14. Ng5 Nxc5 15. Be3 Nd3+ 16. Bxd3 exd3 17. Rd1 Bd7 18. Rxd3 {½-½ (81) Matinian,N (2514)-Mirzoyan,D (2350) Batumi 2018}) 11... Qa4 12. h5 {And now h6 would win.} h6 13. Rh3 Nbc6 $132 {[%mdl 2048] Black is not holding back} 14. Bd3 {aiming for Rg3.} ({Reject} 14. Rg3 Nf5 $17) 14... Nf5 15. Qf4 Ke8 ({Don't go for} 15... cxd4 $2 16. g4 $18) (15... c4 $11 {remains equal.} 16. Bc2 Qxa3) 16. g4 Nfe7 17. dxc5 Qxa3 ({Black should play} 17... Qxf4 $1 $14 18. Bxf4 Bd7) 18. Nd4 $18 a6 19. Rf3 Rf8 20. Bg6 {[%cal Rg6f7]} Nxg6 $4 {[%mdl 8192]} (20... Nd8 $16) 21. hxg6 f6 22. Nxc6 (22. exf6 $142 Rxf6 23. Qc7 Rxf3 24. Nxf3) 22... bxc6 23. Qe3 $2 (23. exf6 $18 {White wants to mate with Qd6.} Rxf6 {[%mdl 64] Double Attack} 24. Qg3 Rxf3 25. Qxf3) 23... f5 $11 24. Qd4 Ra7 25. Rb1 {Threatens to win with Rb8.} Kd8 (25... Rb7 $11 26. Rxb7 Bxb7) 26. Rb6 (26. gxf5 $16 exf5 27. Rd3) 26... Kc7 $2 {[%mdl 8192]} (26... Rc7 $14) 27. gxf5 $18 exf5 {[#]} (27... Qa1+ $142 28. Ke2 Qh1) 28. e6 $1 {[%mdl 512]} Rf6 (28... Bxe6 29. Qf4+) 29. Qe5+ (29. e7 $142 Re6+ 30. Re3 Qa1+ 31. Ke2 Rxe7 {[%mdl 64] Remove Defender} 32. Rxe7+ Kd8 33. Rxa7 Qh1 34. Qxg7) 29... Kd8 {[#]} 30. Rb8 $1 {[%mdl 512] White threatens Qd6+ and mate.} Qa1+ 31. Ke2 Rxe6 32. Qxe6 {[%mdl 64] Double Attack. Accuracy: White = 49%, Black = 28%.} 1-0

[Event "Irish Championship 2020"]
[Site "Dublin"]
[Date "2020.08.02"]
[Round "2.10"]
[White "O'Gorman, Tom"]
[Black "O'Connor, Jonathan"]
[Result "1-0"]
[WhiteElo "2345"]
[BlackElo "2159"]
[Annotator "TA"]
[PlyCount "87"]
[EventDate "2020.08.01"]
[EventType "swiss"]
[EventCountry "IRL"]
[SourceTitle "playchess.com"]
[Source "ChessBase"]
[SourceQuality "1"]

{[%evp 19,87,-2,0,0,0,1,35,36,53,48,64,62,44,43,57,24,33,32,37,25,38,27,30,22,172,177,214,204,232,218,341,347,328,282,282,282,282,282,282,282,352,344,646,645,618,621,587,587,562,583,681,681,654,505,496,468,553,525,553,553,538,530,564,558,556,550,549,543,533,513]} 1. e4 e5 2. Nf3 Nc6 3. Bb5 Nge7 4. c3 g6 5. O-O Bg7 6. d4 exd4 7. cxd4 d5 8. exd5 Nxd5 9. Qa4 O-O 10. Bxc6 bxc6 11. Nc3 {[#] C60: Ruy Lopez: Unusual Black 3rd moves and 3...g6.} Rb8 $146 ({Predecessor:} 11... Bf5 12. Bg5 Qd6 13. Rfe1 Rfb8 14. Re2 Bd3 15. Rd2 Nxc3 16. bxc3 Be4 17. Qd1 c5 18. Be3 c4 {½-½ (42) Saunina,L (2210)-Egin,V (2425) Ekaterinburg 1997}) 12. Qxa7 Rb7 13. Qc5 {White is slightly better.} Nb4 14. Bg5 Qd6 15. Be7 Qxc5 16. Bxc5 Rd8 17. Ne5 f6 18. Nc4 {[#] Strongly threatening Na5.} Nd3 19. Na4 Rb5 20. Rad1 $36 {[%mdl 2048] White has good play.} Be6 21. Na3 Nxc5 (21... Ra5 $11) 22. Nxc5 $18 Rxc5 23. dxc5 Ra8 24. Nc2 Rxa2 (24... f5 $142 25. Rfe1 Kf7) 25. Rfe1 Bf7 26. Nb4 Rxb2 27. Nxc6 Bf8 {[#]} 28. Ne7+ $1 Kg7 29. Rd7 c6 30. Rc1 ({Weaker is} 30. Nxc6 Bxc5 31. Nd4 Kh6 $18) 30... f5 $2 (30... Be6 31. Rc7 Kh6 32. Rxc6 Re2) 31. Nxc6 {White is clearly winning.} Kf6 32. Nd8 Be8 33. Rd5 Rb5 34. h4 Be7 35. Re1 {Black must now prevent Re6+.} Bxc5 36. Rxc5 Rxc5 37. Rxe8 {[%mdl 4096] Endgame KRN-KR} Rc8 38. Re6+ Kg7 39. Nc6 Kf7 40. Rd6 Rc7 41. Ne5+ Ke7 42. Rc6 Rb7 43. g3 Rb5 44. Nf3 {White took control after the opening. Accuracy: White = 93%, Black = 50%.} 1-0

[Event "Irish Championship 2020"]
[Site "Dublin"]
[Date "2020.08.02"]
[Round "2.11"]
[White "Brady, Stephen"]
[Black "Cafolla, Peter"]
[Result "1/2-1/2"]
[WhiteElo "2290"]
[BlackElo "1955"]
[Annotator "TA"]
[PlyCount "131"]
[EventDate "2020.08.01"]
[EventType "swiss"]
[EventCountry "IRL"]
[SourceTitle "playchess.com"]
[Source "ChessBase"]
[SourceQuality "1"]

{[%evp 19,131,33,38,-20,-18,-18,-26,-20,10,14,14,14,14,15,16,14,12,13,18,0,13,33,42,14,25,14,14,0,0,0,0,0,0,-7,0,0,0,0,0,0,88,88,94,94,95,97,95,95,96,96,96,96,97,29,33,31,31,35,50,36,44,8,42,40,47,42,42,8,8,8,33,37,168,191,153,8,8,0,8,0,8,0,8,8,8,0,0,0,0,0,0,0,0,0,55,23,35,12,33,0,8,0,24,20,38,8,8,0,23,8,8,0,31,0]} 1. e4 c5 2. c3 Nf6 3. e5 Nd5 4. d4 cxd4 5. Nf3 Nc6 6. Bc4 Nb6 7. Bb3 d5 8. exd6 Qxd6 9. O-O g6 10. Ng5 e6 11. Qf3 {B22: Sicilian: 2 c3.} (11. Ne4 $14 Qd8 12. cxd4) 11... Qe7 $1 $11 12. Ne4 f5 13. Ng5 {Black has an edge.} h6 {[#]} 14. Nxe6 $1 {[%mdl 512]} Bxe6 15. Re1 Nd8 {White must now prevent ...d3!} 16. cxd4 Bg7 $1 {[%cal Rg7d4]} 17. Bxe6 Nxe6 18. d5 {[#]} O-O $146 ({Predecessor:} 18... Nxd5 19. Qxd5 Kf7 20. Nc3 Rhe8 21. Be3 b6 22. Re2 Rad8 23. Qb3 Qb7 24. Rae1 Qc6 {½-½ (40) Janzen,N-Luehrig,W DESC email 2004}) 19. dxe6 Rac8 20. Qb3 {aiming for Bd2.} Rfe8 21. Nc3 Kh7 22. Nb5 (22. g3 {keeps more tension.} Rc6 23. Bd2 Rxe6 24. Rad1 Rxe1+ 25. Rxe1 Qd7 26. Rxe8 Qxe8 27. Be3) 22... Rc6 23. Nxa7 (23. Bd2 {seems wilder.} Rxe6 24. g3 Qd7 25. Rxe6 Qxe6 26. Be3) 23... Rxe6 24. Rxe6 Qxe6 25. Qxe6 Rxe6 {[%cal Re6e1]} 26. Kf1 Nc4 27. Nb5 Bxb2 28. Bxb2 Nxb2 29. Re1 Rxe1+ (29... Rb6 $11 {remains equal.} 30. Nc3 Nd3 31. Re7+ Kg8) 30. Kxe1 {[%mdl 4096] Endgame KN-KN} Nd3+ 31. Kd2 $1 {[%cal Rd2d3]} Nxf2 32. Nd6 b6 33. a4 Kg7 34. Nc4 Ne4+ 35. Ke3 Kf6 {[#]} 36. Nxb6 (36. Kd4 $1 $16) 36... Ke5 37. a5 Nc5 38. Nc8 g5 39. Ne7 Na6 40. h4 Kf6 41. Nc6 Kg6 42. Nd4 Kf6 43. h5 Nc5 44. Nc6 {Hoping for Kd4.} Na6 45. Kd4 {And now Kc4 would win.} Ke6 {[#]} (45... g4 $1 $14) 46. Nd8+ $1 $18 Kf6 47. Ke3 (47. Kd5 $16) 47... Ke7 48. Nc6+ Kf6 49. Nd4 Nc5 50. Nc6 {Threatens to win with Kd4.} Na6 51. Kf3 {White wants to play g4.} Ke6 $1 52. Ke2 Kd6 53. Nd8 {Nf7+ is the strong threat.} Ke7 $1 {[%cal Re7d8]} 54. Nc6+ Kd6 55. Nd4 Ke5 56. Kd3 Nb8 ({Black should try} 56... f4 $11) 57. g3 $1 $14 Na6 58. Nf3+ Kf6 59. Nd4 Ke5 60. Nf3+ Kf6 61. Ke3 Nb4 62. Ne1 Ke6 63. Nf3 Kf6 64. Nd4 Ke5 65. Nf3+ Kf6 66. Nd4 {Accuracy: White = 80%, Black = 86%.} 1/2-1/2

[Event "Irish Championship 2020"]
[Site "Dublin"]
[Date "2020.08.02"]
[Round "2.12"]
[White "Venkatesan, Kavin"]
[Black "Flynn, Jacob"]
[Result "1/2-1/2"]
[WhiteElo "1946"]
[BlackElo "2114"]
[Annotator "TA"]
[PlyCount "127"]
[EventDate "2020.08.01"]
[EventType "swiss"]
[EventCountry "IRL"]
[SourceTitle "playchess.com"]
[Source "ChessBase"]
[SourceQuality "1"]

{[%evp 11,127,-8,-6,-5,-7,-5,-12,-62,-57,-73,-60,-96,-102,-115,-111,-149,-51,-59,-56,-77,-58,-49,-54,-52,-23,-29,-25,-20,-19,-13,-20,-19,-14,-87,-29,-111,-104,-141,-133,-135,-135,-142,-141,-137,-144,-139,-104,-106,-106,-106,-105,-114,-114,-121,-121,-124,-112,-124,-97,-100,-83,-97,-85,-91,-86,-104,-85,-99,-77,-99,-77,-77,-77,-77,-77,-77,-77,-92,-77,-92,-92,-95,-92,-130,-92,-92,0,-130,-130,-130,-95,-98,-98,-130,-92,-92,-92,-130,-92,-92,-92,-130,0,0,0,0,0,0,0,-24,0,0,0,0,0,0,0,0]} 1. d4 Nf6 2. c4 e6 3. Nc3 Bb4 4. a3 Bxc3+ 5. bxc3 c5 6. e3 Nc6 7. Qc2 {E26: Nimzo-Indian: Sämisch: 5...c5 6 e3.} d6 8. Bd3 O-O 9. Ne2 b6 {[#]} 10. Ng3 $146 ({Predecessor:} 10. O-O Ba6 11. f4 Na5 12. Rf3 Bxc4 13. Bxh7+ Nxh7 14. Rh3 f5 15. g4 Bxe2 16. Qxe2 Nf6 17. gxf5 exf5 18. e4 Qe8 19. Qf2 Nxe4 20. Qh4 Rf6 21. Kh1 Rh6 {0-1 (21) Ringler,C (1386)-Hasenoeder,M (1670) Stein 1997}) 10... Ba6 11. Bb2 Na5 12. Qe2 Rc8 13. Rc1 cxd4 ({Better is} 13... Qd7 $17 14. O-O Qa4) 14. cxd4 $15 d5 15. cxd5 Rxc1+ 16. Bxc1 Bxd3 17. Qxd3 exd5 18. O-O Qd7 19. f3 Rd8 20. Rd1 Qa4 21. e4 dxe4 22. fxe4 {[#] next Bg5 is good for White.} Nb3 ({Black should play} 22... Nb7 $1 $17 23. d5 Nc5) 23. Bb2 {[#]} (23. Nf5 $11) 23... Nc5 $1 $36 {[%cal Rc5d3][%mdl 2624] Pin. Black has strong initiative.} 24. Qf3 {[#] Strongly threatening e5.} (24. dxc5 Qxd1+) 24... Ncxe4 $1 {[%mdl 512]} 25. Nxe4 Nxe4 26. Rf1 Nd6 27. d5 {[#]} Qe4 $1 28. Qg3 {[%csl Gb2][%cal Rg3g7]} Nf5 29. Rxf5 {[%csl Gb2][%cal Rg3g7]} Qb1+ {[%mdl 64] Double Attack} 30. Rf1 {[%csl Gb2][%cal Rg3g7]} Qxb2 {[%mdl 4096] Endgame KQR-KQR} 31. Qd3 Qe5 32. Rd1 Rd6 33. Qa6 {White wants to mate with Qc8+.} Qe7 34. Qc4 g6 35. Qd4 Qd7 36. h3 b5 37. Kh1 a5 38. Kg1 h6 39. Kh1 Kh7 40. Kg1 {[#]} b4 $1 {[%mdl 576] Deflection} 41. axb4 axb4 42. Qxb4 Rxd5 43. Rxd5 Qxd5 {KQ-KQ} 44. Qf4 Kg7 45. Kh1 g5 46. Qc1 Qe5 47. Kg1 Qd4+ 48. Kh1 Qe5 49. Kg1 $1 h5 50. Qd1 Kg6 51. Qd3+ Qf5 52. Qa6+ Qf6 53. Qd3+ Kg7 54. Qd1 Qg6 55. Qd4+ Kh7 56. Qf2 g4 (56... h4 $17 57. Qc5 Qf6) 57. hxg4 $11 hxg4 {And now ...g3 would win.} 58. Qg3 Kg7 59. Kh2 Qg5 60. Qc3+ f6 61. Kg3 {The position is equal.} Kg6 {Threatens to win with ...Kh5.} 62. Qe1 Qf5 63. Qe8+ Kg7 64. Qe7+ {Accuracy: White = 81%, Black = 79%.} 1/2-1/2

[Event "Irish Championship 2020"]
[Site "Dublin"]
[Date "2020.08.02"]
[Round "2.13"]
[White "McHugh, Kevin"]
[Black "Lyons, Brendan"]
[Result "1/2-1/2"]
[WhiteElo "2010"]
[BlackElo "1941"]
[Annotator "TA"]
[PlyCount "90"]
[EventDate "2020.08.01"]
[EventType "swiss"]
[EventCountry "IRL"]
[SourceTitle "playchess.com"]
[Source "ChessBase"]
[SourceQuality "1"]

{[%evp 9,90,28,46,46,59,50,66,36,45,9,26,24,52,42,53,50,51,41,35,11,15,5,14,23,9,6,12,0,29,0,8,8,6,13,14,-19,0,-24,-11,-11,-20,-89,-85,-102,-85,-77,-1,-41,-19,-16,-13,-20,-19,-23,-18,-28,-5,-13,-9,-112,0,0,0,0,0,-31,-35,-271,-270,-238,0,0,0,0,0,0,0,0,0,0,0,0,40]} 1. e4 d5 2. exd5 Nf6 3. Bb5+ Nbd7 4. d4 Nxd5 5. Nf3 c6 6. Be2 {B01: Scandinavian Defence.} Qc7 7. O-O Nf4 {[#]} 8. Bxf4 $146 {White is slightly better.} ({Predecessor:} 8. Bc4 e6 9. Re1 Bd6 10. Nbd2 Nf6 11. Bf1 O-O 12. Nc4 Be7 13. Nce5 Ng6 {1-0 (45) Grandelius,N (2593)-Piasetski,L (2298) Hoogeveen 2012}) 8... Qxf4 9. Nc3 e6 10. Re1 Bd6 11. g3 Qh6 12. Ne4 Bc7 13. Bf1 O-O 14. Bg2 e5 15. dxe5 Nxe5 16. Nxe5 Bxe5 17. c3 Bc7 18. Qb3 Bb6 19. c4 Be6 20. Qc3 Rad8 21. c5 Bc7 22. f4 Bd5 23. b3 Qg6 24. Re2 h6 25. Qe1 {[#]} (25. Rae1 $11) 25... f5 $1 $17 {[%cal Rf5e4]} 26. Nf2 Bxg2 27. Kxg2 Rde8 (27... Bxf4 $1 $17 28. Re6 Qg5) 28. Nd3 Rxe2+ 29. Qxe2 Re8 30. Qd2 Qe6 {...Qd5+ is the strong threat.} 31. Nf2 Rd8 32. Qc2 Ba5 {White must now prevent ...Rd2!} 33. Rd1 Rd5 34. Kf3 (34. a3 $11 {keeps the balance.}) 34... Be1 (34... Bb4 $17 35. Qe2 Qf7) 35. Qc4 Bxf2 36. Kxf2 $11 {[%mdl 4096] Endgame KQR-KQR} Kf7 37. Re1 Rd2+ {[%mdl 64] [#] Double Attack} 38. Kf1 $2 ({White should try} 38. Kf3 $15 Qxc4 39. bxc4) 38... Qxc4+ $19 39. bxc4 {KR-KR} b6 $2 (39... Rxh2 $19 {Strongly threatening ...Kf6.} 40. Re3 Rb2) 40. cxb6 $11 {The position is equal.} axb6 41. Rb1 b5 42. cxb5 cxb5 43. Rxb5 Rxa2 44. Rxf5+ Kg6 45. Re5 Ra8 {Accuracy: White = 65%, Black = 78%.} 1/2-1/2

[Event "Irish Championship 2020"]
[Site "Dublin"]
[Date "2020.08.02"]
[Round "2.14"]
[White "O'Gorman, Alice"]
[Black "Carroll, Peter"]
[Result "0-1"]
[WhiteElo "1904"]
[BlackElo "2009"]
[Annotator "TA"]
[PlyCount "106"]
[EventDate "2020.08.01"]
[EventType "swiss"]
[EventCountry "IRL"]
[SourceTitle "playchess.com"]
[Source "ChessBase"]
[SourceQuality "1"]

{[%evp 10,106,38,28,34,-25,-21,-24,-29,-26,-9,-56,0,0,0,2,8,0,34,31,33,-11,-13,-8,-23,-14,-17,-40,-35,-43,-50,-76,-39,-41,-37,-32,-12,-59,8,-25,-19,-16,-6,-64,-62,-63,-72,-57,-56,-85,-94,-129,-121,-74,-44,-76,-53,-58,-58,-170,-165,-162,-155,-346,-253,-796,-796,-790,-772,-699,-633,-496,-320,-308,-308,-303,-303,-278,-268,-283,-272,-303,-296,-796,-725,-868,-696,-29957,-29952,-8162,-7994,-29954,-29938,-29977,-29978,-29975,-29975,-29988,-29989]} 1. e4 e5 2. Nf3 Nc6 3. Bc4 Nf6 4. d3 h6 5. O-O d6 6. c3 g5 $1 {[%mdl 4] is now more promising than 6...g6. C55: Two Knights: 4 d3, 4 d4 exd4 5 e5 and Max Lange Attack.} 7. d4 (7. Bb3 $14) 7... g4 $11 8. Nfd2 exd4 {Black has an edge.} 9. cxd4 Nxd4 {[#]} 10. Qa4+ $146 ({Predecessor:} 10. Re1 Bg7 11. Nf1 Nc6 12. Nc3 Ne5 13. Bb3 O-O 14. Ng3 Re8 15. Bf4 Nh7 16. Qd2 {1-0 (72) Karjakin,S (2782)-Mamedyarov,S (2808) Leuven 2018}) 10... Bd7 {[#]} (10... Nc6 $1 $15) 11. Bxf7+ $1 {[%mdl 512]} Kxf7 12. Qxd4 Bg7 $1 $132 {[%mdl 2048] Black puts up resistance} 13. f4 gxf3 14. Nxf3 {Black must now prevent e5.} Re8 15. e5 dxe5 $1 16. Nxe5+ Kg8 $1 {[#] aiming for ...Bb5!} 17. Nxd7 Qxd7 18. Qc4+ Qe6 19. Qxe6+ Rxe6 20. Nc3 Ne4 (20... Ng4 $5 {[%cal Rg7d4]} 21. h3 Bd4+ 22. Kh1 Nf2+ 23. Kh2 Rd8 $17) 21. Nxe4 Rxe4 22. Bf4 Re2 23. Rfe1 Rae8 (23... Bd4+ $15 24. Kh1 Rae8 25. Rxe2 Rxe2 26. Bxc7 Rxb2) 24. Rxe2 (24. Kf1 $5 {[%cal Re1e2]} R2e7 25. Rac1 $11) 24... Rxe2 {[%mdl 4096] Endgame KRB-KRB} 25. Rd1 c5 26. Kf1 ({Better is} 26. Rd8+ $11 Kf7 27. Rd7+ Kg6 28. Kf1) 26... Rxb2 $15 27. Rd8+ Kf7 {...Bd4 is the strong threat.} 28. Rd7+ Kf6 29. Rc7 Bf8 30. Be3 Bd6 31. Rh7 Rxa2 {Strongly threatening ...b5.} 32. Rxb7 h5 33. Rh7 c4 34. Rxh5 ({White should play} 34. Rh6+ $1 $15 Ke7 35. Bxa7) 34... c3 $19 35. Rh6+ Ke5 36. g3 $2 {White does not recover from this.} (36. Rh4 $17) 36... Kd5 37. Rh5+ $2 (37. Rh4 Be5 38. Rg4) 37... Ke4 38. Bh6 c2 39. Rb5 Ra1+ 40. Kg2 c1=Q 41. Bxc1 Rxc1 {KRB-KR} 42. Ra5 Bc5 43. h4 Bb6 44. Ra4+ Ke5 45. Ra3 a5 {[%cal Ba7a5,Ba5a4,Ba4a3][%mdl 32]} 46. Kh3 $2 (46. Ra4) 46... Rc4 47. g4 a4 48. g5 Bc5 49. Ra1 a3 50. g6 Kf6 {Black mates.} 51. h5 Rc2 52. Rf1+ Rf2 53. Rg1 Rf3+ {[%mdl 64] Discovered Attack. Accuracy: White = 38%, Black = 76%.} 0-1

[Event "Irish Championship 2020"]
[Site "Dublin"]
[Date "2020.08.02"]
[Round "2.15"]
[White "Melaugh, Gavin"]
[Black "Peoples, Jonathon"]
[Result "1-0"]
[WhiteElo "2003"]
[BlackElo "1932"]
[Annotator "TA"]
[PlyCount "29"]
[EventDate "2020.08.01"]
[EventType "swiss"]
[EventCountry "IRL"]
[SourceTitle "playchess.com"]
[Source "ChessBase"]
[SourceQuality "1"]

{[%evp 9,29,7,6,-14,0,-7,0,0,0,0,20,15,29,30,58,36,58,33,30,32,201,204]} 1. c4 e5 2. Nc3 Nf6 3. Nf3 Nc6 4. e4 Bb4 5. d3 d6 6. h3 {A28: English Opening: Four Knights Variation.} Be6 {[#]} 7. Be3 $146 ({Predecessor:} 7. a3 Bc5 8. b4 Bb6 9. Nd5 Bxd5 10. exd5 Nd4 11. Bb2 Nxf3+ 12. Qxf3 a5 13. Be2 axb4 14. axb4 Rxa1+ 15. Bxa1 {½-½ (41) Panjwani,R (2402)-Pert,N (2557) Hastings 2012}) 7... Bc5 8. d4 {The position is equal.} exd4 9. Nxd4 Nxd4 10. Bxd4 Bxd4 11. Qxd4 Qe7 12. O-O-O O-O 13. g4 Nd7 14. f4 {And now f5 would win.} Qf6 $2 {[#]} (14... f6 $14) 15. f5 $1 {Black got outplayed after the opening. Accuracy: White = 85%, Black = 63%.} 1-0